00253nam a2200097Ia 4500008004100000041000800041100001800049245003900067260003000106999001900136230508s2013 xx 000 0 und d aeng aDR SEDHA R.S. aA TEXT BOOK OF APPLIED ELECTRONICS bS.K. KATARIA & SONSc2013 c729066d729066